000 00335nam a2200133 i 4500
001 bg
100 1 _aWRÓBEL, J.
245 0 _aWykorzystanie minikomputera SM3 do rozwiązywania wybranych... /
_cJ. Wróbel.
260 _aWarszawa,
_c1985.
040 _cBPK
041 _apol
942 _cKS
008 s pl f |000 0 pol
999 _c2620
_d2620
856 _uhttp://koha.tu.koszalin.pl/cgi-bin/koha/opac-detail.pl?biblionumber=2620
_yKatalog online BPK